000 00384nam a2200133Ia 4500
008 151001s9999||||xx |||||||||||||| ||und||
100 _aप्रकाश भाटकर
245 _aकथा गुफली अश्रुंची
250 _a1
260 _bललित नाट्य प्रकाशन
260 _c1981
300 _a88
365 _b18
999 _c981637
_d981634